| 000 | 02359nam a2200709 a 4500 | ||
|---|---|---|---|
| 001 | 21288 | ||
| 003 | VRT | ||
| 005 | 20260226093058.0 | ||
| 008 | 240318s2012 xo j 010 f slo c | ||
| 015 | _aSNBA2013/04 | ||
| 020 |
_a9788081420269 _q(viaz.) |
||
| 035 | _a5FDDB3C6-8154-4233-ABD0-C4703B4C8074 | ||
| 035 | _aurn:nbn:sk:snk-amlfyk | ||
| 035 | _aurn:nbn:sk:snk-am00924h | ||
| 039 | 9 |
_a202410072103 _bAUTHORITY _c202410072041 _dAUTHORITY _c202410071913 _dAUTHORITY _c202403181524 _dVLOAD |
|
| 040 |
_aPOKPOH _bslo _cPOKPOH _dSNK _eAACR2 |
||
| 041 | 1 |
_aslo _heng |
|
| 044 |
_axo _cSK |
||
| 072 | 7 |
_a821.111(73)-3 _xAmerická próza _2konspekt |
|
| 072 | 7 |
_a821-93 _xLiteratúra pre deti a mládež (beletria) _2konspekt |
|
| 080 |
_a821.111(73)-31 _22001 |
||
| 080 |
_a821-93 _22001 |
||
| 080 |
_a(0:82-312.9) _22001 |
||
| 100 | 1 |
_aDeStefano, Lauren _4aut |
|
| 240 | 1 | 0 |
_aFever (the chemical garden trilogy) _lSlovensky |
| 245 | 1 | 0 |
_aZáhrada večnosti _btrilógia _nKniha druhá _pHorúčka _cLauren DeStefano ; [preklad Zuzana Kamenská] |
| 246 | 3 | 0 | _aHorúčka |
| 250 | _a1. vyd. | ||
| 260 |
_aBratislava _bFortuna Libri _c2012 |
||
| 300 |
_a351 s. _c22 cm |
||
| 490 | 1 | _aFortuna Teen | |
| 500 | _aRozlož. tit. strana | ||
| 655 | 7 |
_aamerické romány _2SNKPH |
|
| 655 | 7 |
_afantasy romány _2SNKPH |
|
| 655 | 7 |
_apublikácie pre mládež _2SNKPH |
|
| 655 | 7 |
_aAmerican fiction _2SNKPHeng |
|
| 655 | 7 |
_aFantasy novels _2SNKPHeng |
|
| 655 | 7 |
_aJuvenile literature _2SNKPHeng |
|
| 700 | 1 |
_aTrstenská, Zuzana, _d1982- _4trl |
|
| 830 | 0 | _aFortuna Teen | |
| 910 | _apokpoh | ||
| 910 | _apppk | ||
| 910 | _asllk | ||
| 910 | _atotk | ||
| 910 | _avthk | ||
| 910 | _asvkbb | ||
| 910 | _ahevk | ||
| 910 | _asavuk | ||
| 910 | _attkjf | ||
| 910 | _abpksh | ||
| 910 | _asnk | ||
| 910 | _askpk | ||
| 942 |
_2ddc _cKLDO _n0 |
||
| 949 |
_63869A13375 _abpksh821.111(73)-31 _bbpksh63176 |
||
| 949 |
_6270001000404044 _asvkbbA 135200-2 _bsvkbbm 731724 |
||
| 949 |
_63869A17336 _abpksh821.111(73)-31 _bbpksh61621 |
||
| 949 |
_6273K0580443 _asvkpoB 93244 _bsvkpo577764 |
||
| 949 |
_617A1056077 _asnkSC 151157/2 _bsnk2012/22824 _o2471/12 _s6100:20160112 |
||
| 949 |
_617A1056079 _asnkSC 151157/2 D1 _bsnk2012/22825 _o2471/12 |
||
| 949 |
_62889192071 _asavukPV 17085 _bsavuk2012/4681 |
||
| 999 |
_c21288 _d21288 |
||